000 00441nam a2200181Ia 4500
001 5184
005 20260306145849.0
008 260306t2003||||xx |||||||||||||| ||spa||
041 _aESP
082 _a337
_bO33
100 _aOdell, John S.
_eAUT
245 0 _aTeoría de las negociaciones:
_ben la economía mundial
260 _c2003
300 _a430 páginas :
_c21 cm.
650 _aGEN
654 _aCAN
942 _cLIB
_dJUS
_fJUS
_2ddc
_n
999 _c5184
_d5184